[Event "EICC 2021"]
[Site "Reykjavik"]
[Date "2021.08.28"]
[Round "3.22"]
[White "Petrov, Martin"]
[Black "Martirosyan, Haik M."]
[Result "1/2-1/2"]
[WhiteElo "2521"]
[BlackElo "2632"]
[Annotator "TA"]
[PlyCount "42"]
[EventDate "2021.08.26"]
[EventType "swiss"]
[EventCountry "ISL"]
[Tiebreak "Cut1 Buchholz"]
[SourceTitle "playchess.com"]
[Source "ChessBase"]
[SourceQuality "1"]

{[%evp 12,42,20,9,17,13,14,16,23,0,17,0,0,0,-12,-13,29,8,9,27,18,17,10,14,0,6,
0,11,43,0,31,0,85]} 1. e4 e5 2. Nf3 Nc6 3. Bc4 Bc5 4. O-O d6 5. d3 Nf6 6. c3 h6
7. Re1 O-O {C54: Giuoco Piano: 4 c3 Nf6, main lines with 5 d4 and 5 d3.} 8.
Nbd2 a5 9. Nf1 a4 10. h3 Ra5 11. d4 Bb6 12. b4 axb3 13. Bxb3 {[#]} d5 $146 ({
Predecessor:} 13... Ra8 14. Ng3 Re8 15. Bb2 Bd7 16. Qc2 Nh7 17. Rad1 Ng5 18.
Nxg5 Qxg5 19. Kh2 Na5 {1/2-1/2 (38) Ding,L (2791)-Nakamura,H (2736) Chess.com
INT 2020}) 14. exd5 $1 Nxd5 15. dxe5 Nxc3 16. Qc2 $36 {[%mdl 2048] White is
pushing.} Nd5 {[%cal Rd5b4]} 17. Bd2 Rc5 18. Qe4 Nc3 19. Qg6 {[#] Bxh6 would
kill now.} Nd5 (19... Ne7 $5 {[%cal Re7g6]} 20. Qg3 Nf5 $11) 20. Qe4 (20. Qg3
$5 {[%cal Rd2h6]} Nde7 21. Nh4 $11 (21. Bxh6 Nf5 $11 {[%mdl 64] Double Attack})
) 20... Nc3 21. Qg6 (21. Qf4 $14) 21... Nd5 {Weighted Error Value: White=0.07/
Black=0.07} 1/2-1/2

[Event "EICC 2021"]
[Site "Reykjavik"]
[Date "2021.08.28"]
[Round "3.23"]
[White "Paravyan, David"]
[Black "Kozak, Adam"]
[Result "1/2-1/2"]
[WhiteElo "2631"]
[BlackElo "2504"]
[Annotator "TA"]
[PlyCount "71"]
[EventDate "2021.08.26"]
[EventType "swiss"]
[EventCountry "ISL"]
[Tiebreak "Cut1 Buchholz"]
[SourceTitle "playchess.com"]
[Source "ChessBase"]
[SourceQuality "1"]

{[%evp 12,71,16,12,14,10,25,27,27,24,29,22,23,20,44,35,40,37,50,33,25,23,23,37,
52,47,54,0,0,0,0,0,0,0,0,0,0,-8,-8,-8,-8,-23,-34,-46,-33,-45,0,0,0,0,0,0,0,0,0,
0,0,0,0,0,0,0]} 1. e4 e5 2. Nf3 Nc6 3. Bc4 Nf6 4. d3 h6 5. Nc3 Bc5 6. O-O d6 7.
Na4 Bb6 {C50: Hungarian Defence and Giuoco Pianissimo.} 8. c3 Be6 9. Bxe6 fxe6
{White has an edge.} 10. Nxb6 axb6 11. a4 O-O 12. b4 b5 13. Be3 bxa4 14. Rxa4 {
[#]} b5 $146 ({Predecessor:} 14... Qe7 15. b5 Na5 16. Qc2 b6 17. Rfa1 g5 18.
Bd2 Rab8 19. c4 Nb7 20. d4 Qh7 21. dxe5 Nxe4 22. exd6 Nbxd6 {1/2-1/2 (37)
Dhanwani,A (1319)-Lv,J (1532) Caleta 2019}) 15. Rxa8 Qxa8 16. Qb3 Re8 17. Qb2
Qb7 18. Qa2 d5 19. Ra1 ({White should try} 19. exd5 $14 exd5 20. Ra1) 19...
dxe4 $11 20. dxe4 Nxe4 21. Qa6 Qxa6 22. Rxa6 Nb8 23. Ra7 Nxc3 24. Rxc7 Nd5 25.
Rc5 e4 26. Nd4 Na6 27. Rxb5 Naxb4 28. Bd2 Nd3 (28... Ra8 {keeps more tension.}
29. h3 Ra1+ 30. Kh2 Rd1 31. Bxb4 Rxd4 32. Bc5 Rc4) 29. Nxe6 $1 {[%mdl 64] [#]
Remove Defender. The position is equal.} Rxe6 30. Rxd5 {[%mdl 4096] Endgame
KRB-KRN} Rb6 {( -> ...Rb1+)} 31. Kf1 Rb2 32. Be3 Rb1+ 33. Ke2 Rb2+ 34. Kf1 Rb1+
35. Ke2 Rb2+ 36. Kf1 {Weighted Error Value: White=0.04/Black=0.05} 1/2-1/2

[Event "EICC 2021"]
[Site "Reykjavik"]
[Date "2021.08.28"]
[Round "3.24"]
[White "Yilmaz, Mustafa"]
[Black "Budisavljevic, Luka"]
[Result "1-0"]
[WhiteElo "2630"]
[BlackElo "2495"]
[Annotator "TA"]
[PlyCount "147"]
[EventDate "2021.08.26"]
[EventType "swiss"]
[EventCountry "ISL"]
[Tiebreak "Cut1 Buchholz"]
[SourceTitle "playchess.com"]
[Source "ChessBase"]
[SourceQuality "1"]

{[%evp 15,147,18,21,17,24,4,9,19,22,16,8,5,17,13,12,12,9,4,16,12,27,27,24,25,
31,0,45,23,51,29,29,16,17,28,21,13,16,13,22,22,26,25,30,33,24,16,13,13,15,17,
17,17,25,0,0,0,11,0,0,0,0,0,16,3,67,67,931,931,1032,1059,1010,909,923,923,883,
860,785,756,1539,1279,1253,1214,821,971,592,591,491,403,29953,29951,6605,4521,
6601,5712,5165,4894,29954,29956,29957,29959,29961,29960,29962,29963,29964,
29965,29964,29967,29969,29972,29978,29979,29979,29980,29980,29975,29981,29980,
29979,29979,29990,29991,29992,29992,29992,29992,29992,29990,29992,29991,29991,
29991,29991,29990]} 1. d4 d5 2. c4 e6 3. Nf3 Nf6 4. Nc3 c5 5. e3 a6 6. cxd5
exd5 7. Be2 {7.g3 is the fancy move.} Nc6 8. O-O cxd4 9. exd4 {D32: Tarrasch
Defence: Sidelines and lines without g3.} Be7 10. Bg5 O-O 11. Ne5 {[#] The
position is equal.} Bf5 $146 ({Predecessor:} 11... h6 12. Bh4 Be6 13. Nxc6 bxc6
14. Rc1 Re8 15. Re1 a5 16. a3 Rb8 17. Na4 Ne4 18. Bxe7 Qxe7 {0-1 (47) Trojacek,
P-Pisk,P (2340) Luhacovice 1993}) 12. Nxc6 bxc6 13. Rc1 h6 14. Bh4 Qa5 15. Bd3
Bxd3 16. Qxd3 Bd8 17. b3 Ne4 18. Bxd8 Rfxd8 19. Na4 Rd6 20. Rfe1 Qb5 21. Re3
Rg6 22. Nc5 Nxc5 23. Rxc5 Qxd3 24. Rxd3 $11 {[%mdl 4096] Endgame KRR-KRR} a5
25. h3 Re6 26. Re3 Rxe3 27. fxe3 {KR-KR} Ra6 28. Kf2 Kf8 29. Kf3 Ke7 30. g4 Kd6
31. h4 Ra7 32. Kf4 Ra8 33. h5 Ra7 34. e4 dxe4 35. Kxe4 g6 36. g5 (36. Kf3 {
with more complications.} a4 37. b4 Re7 38. Ra5 Re1 39. Rxa4 Rf1+ 40. Kg3)
36... hxg5 37. Rxg5 gxh5 38. Rxh5 Kc7 39. Rh6 Rb7 ({Black should play} 39... a4
$11) 40. Rf6 $14 Rb5 $2 {[%mdl 8192] A mistake that costs the game.} (40... Rb8
$14) 41. Rxf7+ $18 Kb6 {[#]} 42. Rf5 $1 Rb4 43. Rc5 a4 {[#]} 44. Rc4 $1 {
[%cal Rc4b4]} Rb5 45. Rxa4 Rh5 46. Rb4+ Ka7 47. Kd3 Rh1 48. Rc4 Kb6 49. a4 Rh3+
50. Kc2 Rh2+ 51. Kc3 Ra2 (51... Rh3+ $18 52. Kb4 Rd3 53. a5+ Kc7) 52. Rc5 Ra1
53. Rh5 Rc1+ 54. Kd2 Ra1 55. d5 cxd5 56. Rxd5 {White mates.} Rh1 57. Kc3 Rh4
58. Rd4 Rh6 59. Kb4 Rg6 60. a5+ {[%cal Ba4a5,Ba5a6][%mdl 32]} Ka6 61. Ka4 Rh6
62. b4 {[%cal Bb3b4,Bb4b5][%mdl 32]} Rh5 63. b5+ Kb7 64. a6+ Kc7 65. Ka5 Kb8
66. Kb6 {[%cal Rd4d8]} Rh6+ 67. Kc5 Rh8 68. b6 Ka8 69. Rd6 Kb8 70. Re6 Rg8 71.
Rf6 Rh8 72. Kd6 Re8 73. Kd7 Rc8 74. Ke7 {Weighted Error Value: White=0.07/
Black=0.32} 1-0

[Event "EICC 2021"]
[Site "Reykjavik"]
[Date "2021.08.28"]
[Round "3.26"]
[White "Steingrimsson, Hedinn"]
[Black "Ter-Sahakyan, Samvel"]
[Result "1/2-1/2"]
[WhiteElo "2519"]
[BlackElo "2624"]
[Annotator "TA"]
[PlyCount "100"]
[EventDate "2021.08.26"]
[EventType "swiss"]
[EventCountry "ISL"]
[Tiebreak "Cut1 Buchholz"]
[SourceTitle "playchess.com"]
[Source "ChessBase"]
[SourceQuality "1"]

{[%evp 9,100,22,37,31,44,38,36,35,43,33,50,42,50,39,37,28,47,19,38,24,37,34,62,
26,21,-27,39,47,55,40,39,29,27,27,28,9,0,0,0,0,0,0,0,-12,-6,0,0,0,-7,0,0,-21,0,
-20,0,0,0,-47,0,-18,-31,-43,-22,-54,0,0,44,0,12,6,8,-1,-1,-1,-1,-1,-2,-2,0,0,0,
0,0,0,0,0,0,0,0,0,0,0,0]} 1. d4 Nf6 2. c4 e6 3. Nf3 d5 4. Nc3 dxc4 5. e4 b5 6.
e5 {D24: Queen's Gambit Accepted: 3 Nf3 Nf6 4 Nc3.} Nd5 7. Nxb5 Nb6 8. Be2 {
White is slightly better.} Nc6 $1 {8...Nc6 scores better than 8...Be7.} 9. O-O
Be7 10. Be3 O-O 11. Qc1 Rb8 12. Rd1 Nb4 13. Nc3 ({Not} 13. Bxc4 $2 Nxc4 14.
Qxc4 Ba6 $19) 13... Bb7 14. Nd2 Qd7 15. Nde4 {[#]} Qc6 $146 ({Predecessor:} 
15... N6d5 16. Nc5 Qc6 17. Nxb7 Rxb7 18. Nxd5 Nxd5 19. Bd2 Qb6 20. Bxc4 Qxd4
21. Bxd5 exd5 {0-1 (42) Khademalsharieh,S (2481)-Ushenina,A (2448) Shaoxing
2019}) 16. Bf3 {And now Nf6+! would win.} N6d5 17. Bg5 Qe8 (17... Nd3 $11 18.
Qc2 Bxg5 19. Nxg5 h6 20. Bxd5 exd5) 18. Bxe7 $14 Qxe7 19. Na4 Nb6 $1 {[%cal
Rb6a4]} 20. Nac5 Bd5 21. a3 Nc6 22. Qc3 Rfd8 23. Be2 h6 24. Rd2 Bxe4 25. Nxe4
Nd5 26. Qc2 Nf4 27. Bf1 Rxd4 28. Rxd4 Nxd4 29. Qxc4 Rd8 30. Re1 Rd5 31. Kh1 {
aiming for Nc3.} c5 32. Nc3 {g3 is the strong threat.} Rd8 33. Re4 Nd5 34. Re1
Nb6 35. Qd3 Qg5 36. Kg1 Nd5 (36... Nb3 $15 37. Qg3 Rd2) 37. g3 $11 Nc6 (37...
Nf4 $5 38. Qe4 $8 {[#]} Qh5 $1 $11) 38. h4 Qg4 {The position is equal.} 39. Bg2
c4 40. Qd2 Nxc3 41. Qxc3 {[#]} Rd3 $1 42. Qc2 Nd4 43. Qa4 g6 44. Qxa7 Kg7 45.
Qb7 Rd1 46. Rxd1 Qxd1+ 47. Kh2 Qc2 48. Kg1 Qd1+ 49. Kh2 Qc2 50. Kg1 Qd1+ {
Weighted Error Value: White=0.09/Black=0.10} 1/2-1/2

[Event "EICC 2021"]
[Site "Reykjavik"]
[Date "2021.08.28"]
[Round "3.27"]
[White "Kobo, Ori"]
[Black "Gajewski, Grzegorz"]
[Result "0-1"]
[WhiteElo "2490"]
[BlackElo "2617"]
[Annotator "TA"]
[PlyCount "120"]
[EventDate "2021.08.26"]
[EventType "swiss"]
[EventCountry "ISL"]
[Tiebreak "Cut1 Buchholz"]
[SourceTitle "playchess.com"]
[Source "ChessBase"]
[SourceQuality "1"]

{[%evp 17,120,10,15,27,25,26,31,26,32,28,41,14,29,30,23,0,0,0,10,0,0,0,0,0,0,0,
0,0,0,0,0,0,0,0,27,0,0,-3,0,0,0,-49,-33,-37,-40,-42,-52,-45,-53,-59,-59,-53,
-62,-70,-66,-99,-96,-113,-88,-88,-97,-105,-106,-106,-106,-106,-106,-107,-105,
-108,-113,-110,-109,-106,-92,-241,-222,-292,-137,-300,-295,-289,-292,-292,-277,
-251,-227,-238,-212,-204,-205,-503,-502,-1428,-1868,-1016,-984,-4594,-3199,
-6163,-6119,-29966,-29967,-29975,-29972]} 1. d4 Nf6 2. c4 e6 3. Nc3 Bb4 4. e3
O-O 5. Bd3 c5 6. Nf3 d5 7. cxd5 cxd4 8. exd4 exd5 9. O-O Nc6 10. Bg5 {B14:
Caro-Kann: Panov-Botvinnik Attack with 5...e6 and 5...g6.} Bxc3 11. bxc3 h6 $5
{[%mdl 4] Leaves trodden paths.} 12. Bh4 {[#] White is slightly better.} g5
$146 ({Predecessor:} 12... Bg4 13. h3 Bh5 14. Rb1 g5 15. Bg3 b6 16. Re1 Ne4 17.
Bh2 Qf6 18. Rc1 Rfe8 {1-0 (57) Burne,N (2507)-Stal,C (2436) ICCF email 2012})
13. Bg3 Ne4 14. Qb3 Bf5 15. Bxe4 ({Don't play} 15. Qxb7 Nxg3 16. fxg3 (16. Bxf5
Na5 $15) 16... Bxd3 $15) 15... dxe4 16. Ne5 Na5 17. Qb5 Qb6 18. Qa4 Rac8 19.
Rab1 Qd8 20. Rb5 b6 {White must now prevent ...a6.} 21. Nc6 Nxc6 22. Rxf5 Ne7
23. Rf6 Ng6 24. Rd6 Qe7 25. Rd7 Qe6 26. d5 Qf5 27. d6 Rxc3 28. Rxa7 Rd3 29. d7
b5 30. Qb4 Rd8 31. Rb7 Rd5 32. h3 R8xd7 33. Rxd7 Rxd7 34. Re1 Re7 35. Re3 Qd5
36. Rb3 f5 37. Qd6 Qxd6 (37... Qe6 {feels hotter.} 38. Qxe6+ Rxe6 39. Bb8 Rb6
40. Ba7 Rb7) 38. Bxd6 $17 {[%mdl 4096] Endgame KRB-KRN} Rb7 39. Rb4 Kf7 40. a4
Rd7 41. Bb8 bxa4 42. Rxa4 Rb7 43. Bd6 Rb6 44. Bc7 Rc6 45. Bb8 Ke6 46. Kf1 (46.
g3 $17 {might work better.}) 46... Rb6 $19 47. Bc7 Rb1+ 48. Ke2 {White does
not recover from this.} Nh4 $1 49. Ra6+ Kd7 50. Be5 Nxg2 51. Rd6+ Ke7 52. Rxh6
Nh4 53. Bf6+ {[#]} Kd7 $1 54. Bxg5 $2 {[#]} (54. f4 {is a better defense.} Nf3
55. Bxg5) 54... Nf3 $1 {[%csl Gf3][%cal Rb1e1]} 55. Rh7+ (55. Ke3 $142 Nxg5 56.
Kf4) 55... Ke6 {[%csl Gf3][%cal Rb1e1]} 56. Rh6+ Kd5 {[%csl Gf3][%cal Rb1e1]}
57. Ke3 Nxg5 58. Rh5 Rb3+ 59. Ke2 Nxh3 60. Rxf5+ Kd4 {Weighted Error Value:
White=0.62/Black=0.03} 0-1

[Event "EICC 2021"]
[Site "Reykjavik"]
[Date "2021.08.28"]
[Round "3.28"]
[White "Bartel, Mateusz"]
[Black "Saraci, Nderim"]
[Result "1/2-1/2"]
[WhiteElo "2611"]
[BlackElo "2455"]
[Annotator "TA"]
[PlyCount "107"]
[EventDate "2021.08.26"]
[EventType "swiss"]
[EventCountry "ISL"]
[Tiebreak "Cut1 Buchholz"]
[SourceTitle "playchess.com"]
[Source "ChessBase"]
[SourceQuality "1"]

{[%evp 9,107,7,4,8,23,18,19,14,22,0,4,12,13,0,25,25,34,31,33,33,27,-4,-7,0,33,
35,38,2,45,6,69,49,97,92,91,60,82,88,79,82,95,86,110,108,122,88,110,107,111,
100,114,109,102,87,77,90,87,78,104,99,97,115,118,73,73,73,73,73,70,59,77,25,25,
26,170,170,231,235,172,8,8,0,0,0,0,0,0,0,0,0,0,0,0,0,0,0,0,0,0,0]} 1. e4 e5 2.
Nf3 Nc6 3. Bb5 Nf6 4. d3 Bc5 5. Bg5 O-O 6. Nbd2 {[#] C65: Ruy Lopez: Berlin
Defence (3...Nf6), unusual lines and 4 0-0 Bc5.} Nd4 $146 ({Predecessor:} 6...
d6 7. h3 Bd7 8. O-O Nd4 9. Bxd7 Qxd7 10. Bxf6 gxf6 11. c3 Nxf3+ 12. Qxf3 Qe6 {
1-0 (49) Lahmar,C (1561)-Sayah,N Bouhjar 2021}) 7. Nxd4 Bxd4 8. c3 Bb6 9. Nc4
h6 10. Nxb6 axb6 11. Bh4 c6 12. Bc4 d6 13. O-O b5 14. Bb3 Be6 15. Bc2 g5 16.
Bg3 Bg4 17. f3 Be6 18. Bf2 Qe7 19. d4 Kg7 (19... Bxa2 $11 20. Qd2 Bc4) 20. Qd2
$14 c5 21. a3 Rac8 22. a4 bxa4 23. Rxa4 cxd4 24. cxd4 Bc4 25. Re1 Qc7 26. Ra3
Ba6 27. Bb1 Rfe8 28. Be3 {Hoping for Bxg5!} Nh7 29. Rc3 Qa5 30. h4 {[%cal
Rh4g5]} Rxc3 31. hxg5 (31. Qxc3 $6 Qxc3 32. bxc3 gxh4 $11) 31... hxg5 32. bxc3
Rc8 33. Rc1 Qd8 34. Ba2 Qe7 35. c4 f6 36. Qb4 Nf8 37. dxe5 Qxe5 38. Rd1 $36 {
[%mdl 2048] Keeping Black busy.} Rc6 39. Bd4 Qe7 40. Bb2 (40. Rc1 $16) 40...
Nd7 41. Rd5 {Black must now prevent Rxg5+.} Rc5 {[#]} (41... Ne5 $11) 42. Qd2
$1 $18 Rxd5 (42... Ne5 $142 43. Bxe5 (43. Rxd6 Bxc4 44. Bxc4 Rxc4 $16) 43...
Rxd5 44. Qxg5+ (44. Qxd5 Qxe5 45. Bb3 b6 $11) 44... Kf7 45. Qh5+ Kg7 46. Qg4+ (
46. cxd5 Qxe5 47. Qxe5 dxe5 $16) 46... Kf8 47. Qc8+ (47. cxd5 Qxe5 48. Qd7 Kg8
$16) 47... Qe8 48. Qxe8+ Kxe8 49. exd5 (49. cxd5 dxe5 50. Kf2 Ke7 $14) 49...
fxe5) 43. Qxd5 ({Weaker is} 43. exd5 Kf8 $14) ({Don't do} 43. cxd5 $6 Ne5 $16)
43... Ne5 44. Ba3 $2 ({Better is} 44. c5 $1 $18 Qf7 45. cxd6 Qxd5 46. Bxd5)
44... Qf7 $11 {The position is equal.} 45. Qxd6 Bxc4 46. Bb1 Ba2 47. Bxa2 Qxa2
48. Qf8+ Kg6 49. Bd6 {Bxe5 is the strong threat.} (49. Bc5 {seems wilder.} Nd7
50. Qe8+ Qf7 51. Qc8 Qc4 52. Qe8+) 49... Qe6 50. Bxe5 Qxe5 51. Qg8+ Kh6 52.
Qh8+ Kg6 53. Qg8+ Kh6 54. Qh8+ {Weighted Error Value: White=0.14/Black=0.17}
1/2-1/2

[Event "EICC 2021"]
[Site "Reykjavik"]
[Date "2021.08.28"]
[Round "3.29"]
[White "Wecker, Martin"]
[Black "Mamedov, Nidjat"]
[Result "0-1"]
[WhiteElo "2195"]
[BlackElo "2595"]
[Annotator "TA"]
[PlyCount "94"]
[EventDate "2021.08.26"]
[EventType "swiss"]
[EventCountry "ISL"]
[Tiebreak "Cut1 Buchholz"]
[SourceTitle "playchess.com"]
[Source "ChessBase"]
[SourceQuality "1"]

{[%evp 14,94,48,16,35,21,29,33,40,34,60,64,62,60,74,74,71,66,79,71,80,82,84,56,
79,78,75,77,72,76,89,75,73,78,76,69,65,0,14,11,18,10,13,13,21,0,0,-8,-14,-18,
-18,-18,-18,-18,-18,-18,-20,-35,-35,-25,-20,-76,-86,-182,-159,-476,-467,-413,
-295,-433,-289,-298,-298,-835,-862,-847,-835,-716,-694,-759,-726,-939,-859]} 1.
Nf3 Nf6 2. c4 g6 3. d4 Bg7 4. g3 O-O 5. Bg2 d6 6. O-O Nc6 7. Nc3 a6 8. Bf4 {
8.Bf4 is the recent fashion.} Bg4 {E63: King's Indian: Fianchetto: Panno
Variation with 7...a6.} 9. Qd2 Rb8 10. Rac1 Re8 {White is slightly better.} 11.
Rfd1 Nd7 12. Be3 e5 13. dxe5 {[#]} Ndxe5 $146 ({Predecessor:} 13... Bxf3 14.
exf3 Ncxe5 15. b3 Nc5 16. Bxc5 dxc5 17. f4 Qxd2 18. Rxd2 Ng4 19. Bf3 Nf6 {
1-0 (64) Konopka,M (2416)-Rasik,V (2465) Prague 2013}) 14. b3 Nxf3+ 15. exf3
Be6 16. Ne4 f6 17. h3 Qe7 18. Nc3 Qf7 19. Nd5 Rbc8 20. f4 Bf5 21. Nc3 h5 22.
Re1 Kh7 23. Kh2 Rcd8 24. Nd5 Rd7 25. f3 ({Better is} 25. Qd1 $14) 25... Be6 26.
Bf2 f5 27. Bf1 Rdd8 28. Kg2 Nb8 29. Bd4 c5 30. Bxg7 Qxg7 31. Qc3 {[#] Nf6+ is
the strong threat.} Bxd5 32. Qxg7+ Kxg7 33. cxd5 Nd7 34. a4 Nf6 35. Bc4 Rxe1
36. Rxe1 {[#] Threatens to win with Re7+.} Re8 37. Rxe8 (37. Ra1 $11 {keeps
the balance.}) 37... Nxe8 $11 {[%mdl 4096] Endgame KB-KN} 38. g4 (38. h4 $17 {
was called for.}) 38... h4 $19 39. gxf5 $2 {This move loses the game for White.
} (39. a5 $17) 39... gxf5 40. Kf2 Nc7 41. a5 (41. b4 $142 cxb4 42. Ke3) 41...
Kf6 42. Ke3 Na8 43. Kd2 $2 (43. b4 b5 44. bxc5 dxc5 45. Ba2) 43... b5 {Black
is clearly winning.} 44. axb6 Nxb6 45. Kc3 a5 {[%cal Ba6a5,Ba5a4,Ba4b3][%mdl
32]} 46. Kb2 {If only White now had time for Kc3....} a4 47. Ka3 axb3 {
Weighted Error Value: White=0.39/Black=0.11} 0-1

[Event "EICC 2021"]
[Site "Reykjavik"]
[Date "2021.08.28"]
[Round "3.30"]
[White "Romanov, Evgeny"]
[Black "Grigorian, Spartak"]
[Result "1-0"]
[WhiteElo "2594"]
[BlackElo "2448"]
[Annotator "TA"]
[PlyCount "79"]
[EventDate "2021.08.26"]
[EventType "swiss"]
[EventCountry "ISL"]
[Tiebreak "Cut1 Buchholz"]
[SourceTitle "playchess.com"]
[Source "ChessBase"]
[SourceQuality "1"]

{[%evp 17,79,14,14,11,16,23,19,14,26,29,22,24,24,6,3,5,6,11,3,-6,-6,-28,-10,-6,
-14,-16,-28,-34,-20,-8,0,0,0,0,0,0,0,-1,0,0,0,0,0,0,121,135,121,109,198,206,
1119,1069,2378,2225,29990,29991,29991,29992,29992,29993,29993,29994,29995,
29996]} 1. e4 c5 2. Nf3 d6 3. Bb5+ Bd7 4. Bxd7+ Qxd7 5. O-O Nf6 6. Qe2 Nc6 7.
c3 e6 8. d4 cxd4 9. cxd4 d5 10. e5 {B52: Sicilian: Moscow Variation with 3...
Bd7.} Ng8 11. Nbd2 Nge7 12. Nb3 {[#] The position is equal.} Rc8 $146 ({
Predecessor:} 12... Nc8 13. h4 a5 14. a4 Be7 15. h5 h6 16. Bf4 Qd8 17. Rfc1 Qb6
18. Qe3 Qa6 {1/2-1/2 (34) Chebotarev,O (2508)-Kanep,M (2510) St Petersburg 2006
}) 13. Bd2 Rc7 14. Rac1 Nc8 15. Ne1 Nb6 16. Nd3 Nc4 17. Bc3 b6 18. Qg4 g6 19.
Rc2 Be7 20. Nd2 Nxd2 21. Rxd2 a5 22. Nf4 Nb4 23. Ra1 Rc4 24. Qg3 Qc6 25. h4 h5
26. a3 Na6 27. Rd3 {Strongly threatening b3.} a4 28. Rf3 Nc7 29. Bb4 Bxb4 30.
axb4 Rc1+ (30... Rxd4 $11 {keeps the balance.} 31. Qg5 Qd7) 31. Rxc1 $16 Qxc1+
32. Kh2 {Black must now prevent Rc3.} Qxb2 {[#]} (32... Qc6 $16) 33. Nxg6 $1
$18 Rg8 {[#]} (33... fxg6 34. Qxg6+ Kd7 35. Qg7+ {[%mdl 64] Double Attack} Kc6
36. Qxh8 a3) 34. Qf4 $1 Rg7 {[#]} (34... Kd8 35. Qg5+) 35. Qf6 $1 {[%csl Gg6]
[%cal Rf6e7]} Rxg6 (35... Kd7 36. Qxg7) 36. Qxf7+ {[%mdl 64] Double Attack.
White mates.} Kd8 37. Qf8+ Kd7 38. Qd6+ ({Weaker is} 38. Qf7+ Kc6 $11) 38...
Kc8 39. Qc6 {[%cal Rf3f8]} ({And not} 39. Rf7 Qc2 $11) 39... Qxb4 40. Rf7 {
[%csl Gf7][%cal Rc6c7] Weighted Error Value: White=0.02/Black=0.29} 1-0

[Event "EICC 2021"]
[Site "Reykjavik"]
[Date "2021.08.28"]
[Round "3.31"]
[White "Parligras, Mircea-Emilian"]
[Black "Petkov, Momchil"]
[Result "1-0"]
[WhiteElo "2591"]
[BlackElo "2443"]
[Annotator "TA"]
[PlyCount "55"]
[EventDate "2021.08.26"]
[EventType "swiss"]
[EventCountry "ISL"]
[Tiebreak "Cut1 Buchholz"]
[SourceTitle "playchess.com"]
[Source "ChessBase"]
[SourceQuality "1"]

{[%evp 19,55,13,26,18,17,20,26,0,0,0,8,5,18,-40,64,15,20,17,24,19,11,29,306,
320,480,452,788,765,5557,3639,29986,750,29987,29988,29988,29989,29994,29995]} 
1. d4 Nf6 2. c4 e6 3. Nc3 Bb4 4. e3 O-O 5. Nf3 d5 6. Bd2 b6 7. cxd5 exd5 8. Bd3
Bb7 9. Rc1 a6 {9...Be7 is the modern continuation.} 10. O-O Bd6 11. Ne5 {
E52: Nimzo-Indian: Rubinstein: 4...0-0 5 Nf3 d5 6 Bd3 b6.} c5 12. f4 Nc6 13.
Ne2 {White has an edge.} Ne7 14. Ng3 {[#]} cxd4 $146 ({Predecessor:} 14... Rc8
15. Qe2 b5 16. Nf5 c4 17. Bb1 b4 18. Nxd6 Qxd6 19. b3 c3 20. Be1 a5 {0-1 (46)
Sandipan,C (2567)-Alekseev,E (2642) St Petersburg 2015}) 15. exd4 Ne4 16. f5 (
16. Qe2 $11) 16... f6 (16... Nxd2 $15 17. Qxd2 f6) 17. Nxe4 dxe4 18. Bc4+ Nd5
$1 {[#]} 19. Qb3 $1 Bc7 {[#]} 20. Ng6 $1 {Strongly threatening Bxd5+.} hxg6 $4
{[%mdl 8192] This move loses the game for Black.} (20... Rf7 $1 $11 {and Black
stays safe.}) 21. fxg6 $18 Qd7 {[#]} (21... Qd6 $142) 22. Qd1 $1 {[%cal Rd1h5]
And now Qh5 would win.} Rfe8 (22... Qd6 $142 23. Bf4 (23. Qh5 Qxh2+ 24. Qxh2
Bxh2+ 25. Kxh2 Rfc8 $11) 23... Qxf4 24. Rxf4 Bxf4) 23. Qh5 {Threatening mate
with Bxd5+.} a5 24. Bxd5+ Bxd5 25. Qh7+ Kf8 {[#]} 26. Rxf6+ $1 {[%mdl 576] Pin.
White mates.} Ke7 27. Bg5 Bxh2+ 28. Kh1 {Weighted Error Value: White=0.14/
Black=0.77} 1-0